[Event "Lichtenberger Sommer"]
[Site "Berlin"]
[Date "2009.08.15"]
[Round "1.101"]
[White "Kurbel, Horst-Peter"]
[Black "Lippianowski, Stefan"]
[Result "1-0"]
[WhiteElo "1813"]
[BlackElo "936"]
[PlyCount "51"]
[EventDate "2009.??.??"]
[WhiteTeam "SV Empor Berlin e.V."]
[BlackTeam "Treptower SV 1949 e.V."]

1. d4 d5 2. c4 Nf6 3. Nc3 e6 4. Bg5 Be7 5. cxd5 Nxd5 6. Bxe7 Qxe7 7. e4 Nb4 8.
a3 N4c6 9. Nf3 Nd7 10. Bd3 O-O 11. Qc2 g6 12. O-O-O Rd8 13. g4 Qf6 14. Be2 Qf4+
15. Kb1 Nf6 16. h3 Nd7 17. g5 Qd6 18. e5 Qe7 19. h4 h5 20. gxh6 f5 21. Rdg1 Nf8
22. h5 Qh7 23. hxg6 Nxg6 24. Rxg6+ Kf7 25. Rg7+ Ke8 26. Rxh7 1-0

[Event "Lichtenberger Sommer"]
[Site "Berlin"]
[Date "2009.08.15"]
[Round "1.102"]
[White "Lischeid, Kilian"]
[Black "Große-Honebrink, Brigitte"]
[Result "0-1"]
[WhiteElo "879"]
[BlackElo "1810"]
[PlyCount "112"]
[EventDate "2009.??.??"]
[WhiteTeam "SC Friesen Lichtenberg e.V."]
[BlackTeam "SC Kreuzberg e.V."]

1. e4 c5 2. Nf3 Nc6 3. Bc4 e6 4. Nc3 a6 5. a3 Be7 6. d4 cxd4 7. Nxd4 Nf6 8.
Nxc6 dxc6 9. Qxd8+ Bxd8 10. O-O O-O 11. Bg5 h6 12. e5 hxg5 13. exf6 gxf6 14.
Ne4 f5 15. Nd6 Be7 16. Nxc8 Raxc8 17. Rad1 Rfd8 18. Rd3 Bf6 19. b3 b5 20. Rfd1
bxc4 21. bxc4 Rxd3 22. Rxd3 Rd8 23. Rxd8+ Bxd8 24. Kf1 a5 25. a4 Kg7 26. Ke2
Kf6 27. Kd3 Bb6 28. f3 e5 29. g4 Ke6 30. h3 f4 31. Ke4 Bf2 32. Kd3 f5 33. Ke2
Bc5 34. Kd3 fxg4 35. hxg4 Be7 36. Ke4 Bb4 37. Kd3 Be1 38. Ke4 Bh4 39. Kd3 Kd6
40. Ke4 Kc5 41. Kxe5 Kxc4 42. Kd6 c5 43. Ke5 Kb4 44. Kd5 c4 45. Kd4 Bf2+ 46.
Kd5 c3 47. Ke4 Kxa4 48. Kd3 Kb4 49. Ke2 Be3 50. Kd3 a4 51. Ke4 a3 52. Kf5 a2
53. Kxg5 a1=Q 54. Kf5 Qa5+ 55. Ke4 Kc4 56. g5 Qd5# 0-1

[Event "Lichtenberger Sommer"]
[Site "Berlin"]
[Date "2009.08.16"]
[Round "2.1"]
[White "Keil, Uwe"]
[Black "Kalinitschew, Sergey"]
[Result "1/2-1/2"]
[WhiteElo "2141"]
[BlackElo "2488"]
[PlyCount "141"]
[EventDate "2009.??.??"]
[WhiteTeam "SC Friesen Lichtenberg e.V."]
[BlackTeam "SK Zehlendorf e.V."]

1. e4 c6 2. d4 d5 3. e5 c5 4. Nf3 Nc6 5. c3 Bg4 6. Be2 e6 7. O-O Bxf3 8. Bxf3
cxd4 9. cxd4 Nge7 10. Nc3 Nf5 11. Be3 Be7 12. Qd3 Qd7 13. a3 O-O 14. Bg4 Rad8
15. f4 g6 16. Bf2 f6 17. Bxf5 gxf5 18. Kh1 fxe5 19. fxe5 Kh8 20. Bg3 Rg8 21.
Rf3 Rg6 22. Ne2 Rdg8 23. Nf4 Rg4 24. h3 R4g7 25. Raf1 Bd8 26. Bh2 Qe8 27. Rg3
Bg5 28. Qd1 Qf7 29. Nh5 Rg6 30. b4 a6 31. Rff3 Rh6 32. Rxg5 Rxg5 33. Nf6 Rxf6
34. exf6 Qxf6 35. Bf4 Rg6 36. Rd3 Kg8 37. Qd2 Kf7 38. a4 Rg8 39. b5 axb5 40.
axb5 Ne7 41. Rc3 Rc8 42. Be5 Qh4 43. Rxc8 Nxc8 44. Qc1 Qd8 45. Qh6 Qg8 46. Qf6+
Ke8 47. Bf4 Kd7 48. Qe5 Qd8 49. Kg1 h5 50. Kf2 Qh4+ 51. Kf3 Qd8 52. h4 Qa5 53.
Qg7+ Ne7 54. Bg5 Qc3+ 55. Kf2 Qb4 56. Bf6 Qd2+ 57. Kf3 Qd3+ 58. Kf2 Qd2+ 59.
Kf3 Qc3+ 60. Kf2 Qb2+ 61. Kg1 Qc1+ 62. Kf2 Qd2+ 63. Kg1 Qc1+ 64. Kf2 Qd2+ 65.
Kg1 Qe3+ 66. Kh1 Qc1+ 67. Kh2 Qf4+ 68. Kg1 Qe3+ 69. Kh2 Qf4+ 70. Kg1 Qc1+ 71.
Kh2 1/2-1/2

[Event "Lichtenberger Sommer"]
[Site "Berlin"]
[Date "2009.08.16"]
[Round "2.2"]
[White "Meister, Jakob"]
[Black "Heuser, Philip"]
[Result "1-0"]
[WhiteElo "2484"]
[BlackElo "2081"]
[PlyCount "178"]
[EventDate "2009.??.??"]
[WhiteTeam "SK Zehlendorf e.V."]
[BlackTeam "SG Heidelberg-Kirchheim"]

1. e4 c6 2. d4 d5 3. exd5 cxd5 4. Bf4 Nf6 5. Nc3 g6 6. Nb5 Na6 7. Qe2 Bg7 8.
Nd6+ Kf8 9. Nxc8 Rxc8 10. c3 Nh5 11. Be3 Qd6 12. Nf3 Nb8 13. Qb5 Rc7 14. g3 Nc6
15. Be2 Bf6 16. O-O h6 17. Qd3 Kg8 18. Qd2 Qe6 19. Rfc1 Bg7 20. Nh4 Nf6 21. Qd3
Qe4 22. Qd1 Qe6 23. Ng2 Rc8 24. Nf4 Qd7 25. Nd3 Ne4 26. Bf3 b6 27. Bf4 Ng5 28.
Bg4 f5 29. Bf3 Nxf3+ 30. Qxf3 e6 31. Rc2 Kf7 32. Re1 Rce8 33. b4 Rhf8 34. Bc1
Kg8 35. Nf4 e5 36. Nxg6 e4 37. Qh5 Rf6 38. Nf4 Ne7 39. Rb2 b5 40. a4 bxa4 41.
Ra2 Rd8 42. Bd2 Nc8 43. Ng2 Nb6 44. Qe2 a6 45. Rea1 Qb5 46. Qd1 Kh7 47. Rxa4
Nxa4 48. Rxa4 Qd3 49. Nf4 Qf3 50. Qa1 Rdd6 51. Ra3 e3 52. Bxe3 h5 53. Qf1 Bh6
54. Qe2 Qxe2 55. Nxe2 Bxe3 56. fxe3 h4 57. gxh4 Rh6 58. Nf4 Rxh4 59. h3 Kg8 60.
Kf2 Rh7 61. Ke2 Rc7 62. Kd3 Kf7 63. h4 Rc8 64. h5 Kg7 65. Ra5 Rcd8 66. Rc5 Kh6
67. Kc2 Kg5 68. Rc7 Rf8 69. Kd2 Ra8 70. Rc5 Rad8 71. Ke2 Kg4 72. Ra5 R8d7 73.
Ra1 Kg5 74. Kd3 Rd8 75. Kd2 R8d7 76. Ra5 Kg4 77. h6 Kf3 78. Kd3 Rxh6 79. Rxd5
Re7 80. Re5 Rxe5 81. dxe5 Rh1 82. e6 Rd1+ 83. Kc4 Rd8 84. e7 Rh8 85. Kd4 Rg8
86. Nd5 Rg4+ 87. Ke5 Re4+ 88. Kxf5 Rxe7 89. Nxe7 Kxe3 1-0

[Event "Lichtenberger Sommer"]
[Site "Berlin"]
[Date "2009.08.16"]
[Round "2.3"]
[White "Richter, Michael"]
[Black "Costello, Colin"]
[Result "1-0"]
[WhiteElo "2427"]
[BlackElo "2038"]
[PlyCount "67"]
[EventDate "2009.??.??"]
[WhiteTeam "Schachpinguine Berlin e.V."]
[BlackTeam "SC Weisse Dame e.V."]

1. d4 d5 2. c4 e6 3. Nc3 Nf6 4. cxd5 exd5 5. Bg5 Be7 6. e3 O-O 7. Bd3 Nbd7 8.
Nge2 Re8 9. Qc2 Nf8 10. h3 Nh5 11. Bxe7 Rxe7 12. g4 Nf6 13. O-O-O b6 14. Ng3 c5
15. g5 Ne8 16. dxc5 Bb7 17. Nf5 Rc7 18. Rhg1 bxc5 19. Kb1 Rb8 20. Nb5 c4 21.
Be2 Rc5 22. Nc3 Qc7 23. h4 Ba8 24. h5 Qe5 25. f4 Qc7 26. Ka1 Ra5 27. Bf3 Rd8
28. Nd4 Nd6 29. f5 Ne4 30. Bxe4 dxe4 31. h6 g6 32. Ncb5 Qc5 33. Qc3 Qe5 34.
Qxa5 1-0

[Event "Lichtenberger Sommer"]
[Site "Berlin"]
[Date "2009.08.16"]
[Round "2.4"]
[White "Welz, Peter"]
[Black "Von Herman, Ulf"]
[Result "0-1"]
[WhiteElo "2101"]
[BlackElo "2400"]
[PlyCount "62"]
[EventDate "2009.??.??"]
[WhiteTeam "SV Empor Berlin e.V."]
[BlackTeam "SK König Tegel 1949 e.V."]

1. e4 g6 2. d4 Bg7 3. c4 d6 4. Nc3 c6 5. h3 Nf6 6. Nf3 O-O 7. Be2 Nbd7 8. O-O
e5 9. d5 cxd5 10. cxd5 a6 11. Nd2 b5 12. b4 Nb6 13. a4 Qc7 14. Bb2 bxa4 15.
Nxa4 Bh6 16. Nxb6 Qxb6 17. Nc4 Qb8 18. Qd3 Ne8 19. Bc3 f5 20. Na5 Nf6 21. Bf3
Qb5 22. Qc2 Nxe4 23. Bxe4 fxe4 24. Qxe4 Rf4 25. Qe3 Bd7 26. Qg3 Rf7 27. Rad1
Raf8 28. Qh4 Be3 29. Kh1 Bxf2 30. Rxf2 Rxf2 31. Qe7 Bxh3 0-1

[Event "Lichtenberger Sommer"]
[Site "Berlin"]
[Date "2009.08.16"]
[Round "2.5"]
[White "Carlstedt, Jonathan"]
[Black "Kayser, Stefan"]
[Result "1-0"]
[WhiteElo "2309"]
[BlackElo "1964"]
[PlyCount "44"]
[EventDate "2009.??.??"]
[WhiteTeam "Hamburger SK von 1830 eV"]
[BlackTeam "Schachclub Oranienburg e.V."]

1. c4 e6 2. g3 d5 3. Bg2 Nf6 4. Nf3 Be7 5. O-O O-O 6. b3 c6 7. Bb2 Nbd7 8. d3
dxc4 9. bxc4 Qc7 10. Nc3 b6 11. d4 Bb7 12. e4 e5 13. d5 Nc5 14. dxc6 Bxc6 15.
Nd5 Bxd5 16. Bxe5 Bd6 17. Bxd6 Qxd6 18. exd5 b5 19. cxb5 Rad8 20. Nd4 Nxd5 21.
Nc6 Rd7 22. Qxd5 Qxd5 1-0

[Event "Lichtenberger Sommer"]
[Site "Berlin"]
[Date "2009.08.16"]
[Round "2.6"]
[White "Bendfeldt, Tim"]
[Black "Muse, Drazen"]
[Result "0-1"]
[WhiteElo "2064"]
[BlackElo "2374"]
[PlyCount "48"]
[EventDate "2009.??.??"]
[WhiteTeam "Kieler SG von 1884 / Meerbauer"]
[BlackTeam "SK König Tegel 1949 e.V."]

1. d4 Nf6 2. c4 d6 3. Nc3 e5 4. dxe5 dxe5 5. Bg5 Qxd1+ 6. Rxd1 Bb4 7. Bd2 c6 8.
a3 Be7 9. g3 Be6 10. e3 Nfd7 11. Nf3 f6 12. b4 a5 13. Rb1 axb4 14. axb4 Ra3 15.
b5 Bf5 16. Rc1 Nc5 17. Nh4 Nd3+ 18. Kd1 Nxf2+ 19. Ke2 Nd3 20. Nxf5 Nxc1+ 21.
Bxc1 Rxc3 22. Kd2 Bb4 23. Kd1 g6 24. Nh4 Ke7 0-1

[Event "Lichtenberger Sommer"]
[Site "Berlin"]
[Date "2009.08.16"]
[Round "2.7"]
[White "Bach, Matthias"]
[Black "Kirchhof, Arno"]
[Result "1-0"]
[WhiteElo "2307"]
[BlackElo "2068"]
[PlyCount "55"]
[EventDate "2009.??.??"]
[WhiteTeam "Hamburger SK von 1830 eV"]
[BlackTeam "SC Garching 1980 e.V."]

1. d4 d5 2. c4 e6 3. Nf3 Nf6 4. g3 c6 5. Bg2 Bd6 6. O-O Nbd7 7. Bf4 Qc7 8. Bxd6
Qxd6 9. Nbd2 O-O 10. Re1 e5 11. cxd5 Qxd5 12. e4 Qb5 13. Bf1 Qb4 14. Nc4 exd4
15. e5 Nd5 16. Nxd4 N7b6 17. a3 Qe7 18. Nd6 Rd8 19. Nxc8 Raxc8 20. Bh3 Rc7 21.
Qg4 h6 22. e6 Qf6 23. Rad1 Re7 24. Qh5 Nf4 25. exf7+ Rxf7 26. gxf4 Rxd4 27.
Rxd4 Qxd4 28. Re8+ 1-0

[Event "Lichtenberger Sommer"]
[Site "Berlin"]
[Date "2009.08.16"]
[Round "2.8"]
[White "Solonar, Stefan"]
[Black "Hoppensack, Manfred"]
[Result "1-0"]
[WhiteElo "2364"]
[BlackElo "2029"]
[PlyCount "52"]
[EventDate "2009.??.??"]
[WhiteTeam "SC Heusenstamm"]
[BlackTeam "SC Friesen Lichtenberg e.V."]

1. c4 e5 2. Nc3 Nf6 3. Nf3 Nc6 4. g3 d5 5. cxd5 Nxd5 6. Bg2 Nxc3 7. bxc3 e4 8.
Ng1 f5 9. d3 Qf6 10. dxe4 Bb4 11. Bd2 Bxc3 12. Rc1 Bxd2+ 13. Qxd2 O-O 14. exf5
Qxf5 15. Nf3 Be6 16. O-O Rfd8 17. Qb2 Rab8 18. Rfd1 Qa5 19. Rxd8+ Nxd8 20. a3
c6 21. Nd4 Qb6 22. Qd2 c5 23. Qf4 Rc8 24. Nf5 Bxf5 25. Qxf5 Rc7 26. Qe5 Kf8 1-0

[Event "Lichtenberger Sommer"]
[Site "Berlin"]
[Date "2009.08.16"]
[Round "2.9"]
[White "Krajewski, Wolfgang"]
[Black "Petersen, Soren Boeck"]
[Result "1/2-1/2"]
[WhiteElo "2131"]
[BlackElo "2263"]
[PlyCount "50"]
[EventDate "2009.??.??"]
[WhiteTeam "SK Zehlendorf e.V."]
[BlackTeam "Danmarks Radio Skakklub"]

1. d4 d5 2. c4 dxc4 3. e4 e5 4. Nf3 exd4 5. Bxc4 Nc6 6. O-O Be6 7. Bb5 Bc5 8.
b4 Bb6 9. Bb2 Nge7 10. Nxd4 O-O 11. Nxc6 Nxc6 12. Bxc6 bxc6 13. Qc2 Qg5 14. Kh1
Rfd8 15. a4 Qf4 16. Ra3 Bd4 17. Bc1 Qd6 18. Bd2 c5 19. b5 c6 20. f4 cxb5 21.
axb5 Qb6 22. Nc3 Bxc3 23. Bxc3 Qxb5 24. Re1 Bc4 25. f5 f6 1/2-1/2

[Event "Lichtenberger Sommer"]
[Site "Berlin"]
[Date "2009.08.16"]
[Round "2.10"]
[White "Syska, Albert"]
[Black "Kühnemund, Lutz"]
[Result "1-0"]
[WhiteElo "2268"]
[BlackElo "1924"]
[PlyCount "57"]
[EventDate "2009.??.??"]
[WhiteTeam "SK 1879 HD-Handschuhsheim"]
[BlackTeam "SC Friesen Lichtenberg e.V."]

1. f4 Nf6 2. Nf3 b6 3. g3 Bb7 4. Bg2 g6 5. O-O Bg7 6. d3 d6 7. e4 Nbd7 8. Nc3
O-O 9. h3 e6 10. g4 h5 11. Nh2 hxg4 12. hxg4 Nh7 13. Qe1 Nc5 14. Qg3 f5 15. Bd2
Kh8 16. Rae1 a5 17. Nf3 Bf6 18. g5 Bg7 19. exf5 gxf5 20. Be3 Nd7 21. Nd4 Bxg2
22. Nxe6 Qe8 23. Bd4 Bxd4+ 24. Nxd4 Qf7 25. Kxg2 Nc5 26. Rh1 Rg8 27. Rh6 Rg6
28. Reh1 Rxh6 29. Rxh6 1-0

[Event "Lichtenberger Sommer"]
[Site "Berlin"]
[Date "2009.08.16"]
[Round "2.11"]
[White "Schmidt, Jürgen"]
[Black "Klundt, Klaus"]
[Result "0-1"]
[WhiteElo "2035"]
[BlackElo "2333"]
[PlyCount "86"]
[EventDate "2009.??.??"]
[WhiteTeam "SC Kreuzberg e.V."]
[BlackTeam "vereinslos"]

1. e4 Nf6 2. Nc3 e5 3. Nf3 d6 4. Bc4 Be7 5. h3 c6 6. Bb3 Nbd7 7. O-O O-O 8. d4
a5 9. a4 exd4 10. Qxd4 Nc5 11. Ba2 Be6 12. Bxe6 Nxe6 13. Qc4 Qb6 14. Be3 Qb4
15. Nd2 Rfd8 16. Qa2 Nc5 17. Ne2 Qb6 18. f3 Qc7 19. Nd4 d5 20. Nf5 Bf8 21. Bg5
dxe4 22. fxe4 Ne6 23. Nf3 Nxg5 24. Nxg5 Rd7 25. Rae1 Re8 26. Qb3 h6 27. Nf3
Rxe4 28. Rxe4 Nxe4 29. Qc4 Ng3 30. Nxg3 Qxg3 31. Qe4 Bc5+ 32. Kh1 Re7 33. Qf5
Re2 34. Nh4 Qxh4 35. Qxc5 Qg5 36. Qxg5 hxg5 37. Rc1 Kh7 38. Kg1 Kg6 39. Kf1 Rd2
40. b3 Kf5 41. c4 Rb2 42. Re1 Rxb3 43. Re7 Kf6 0-1

[Event "Lichtenberger Sommer"]
[Site "Berlin"]
[Date "2009.08.16"]
[Round "2.12"]
[White "Giemsa, Stephan"]
[Black "Petkov, Peter"]
[Result "1/2-1/2"]
[WhiteElo "2301"]
[BlackElo "1918"]
[PlyCount "40"]
[EventDate "2009.??.??"]
[WhiteTeam "SK König Tegel 1949 e.V."]
[BlackTeam "vereinslos"]

1. d4 Nf6 2. c4 e6 3. g3 d5 4. Nf3 dxc4 5. Bg2 Bb4+ 6. Bd2 Qe7 7. Qa4+ Nc6 8.
Ne5 Bxd2+ 9. Nxd2 O-O 10. Nxc6 bxc6 11. Bxc6 Rb8 12. Nxc4 Rb4 13. Qc2 Ba6 14.
b3 Bxc4 15. bxc4 Qd6 16. d5 exd5 17. cxd5 Qe5 18. O-O Rb2 19. Qc5 Rxe2 20. Qxa7
h5 1/2-1/2

[Event "Lichtenberger Sommer"]
[Site "Berlin"]
[Date "2009.08.16"]
[Round "2.13"]
[White "Baier, Reinhard"]
[Black "Brüdigam, Martin"]
[Result "0-1"]
[WhiteElo "2089"]
[BlackElo "2249"]
[PlyCount "102"]
[EventDate "2009.??.??"]
[WhiteTeam "BSG 1827 Eckbauer e.V."]
[BlackTeam "USV Potsdam e.V., Abt. Schach"]

1. e4 c5 2. Nf3 e6 3. d4 cxd4 4. Nxd4 Nc6 5. Be3 Nf6 6. Bd3 a6 7. O-O Qc7 8.
Nc3 b5 9. a3 Bb7 10. f3 Bc5 11. Nce2 d5 12. exd5 Nxd5 13. Bf2 Bd6 14. h3 Ne5
15. Be4 Rd8 16. Qc1 O-O 17. c3 Rfe8 18. Bh4 Rd7 19. f4 Ng6 20. Bxd5 Bxd5 21.
Bg3 Qb7 22. Nf3 Bc4 23. Re1 Rc8 24. Ned4 Bd5 25. Qe3 Bc5 26. Bf2 Bxf3 27. gxf3
Bxd4 28. cxd4 Ne7 29. Qe4 Rdc7 30. Re2 Rc1+ 31. Rxc1 Rxc1+ 32. Kg2 Qc8 33. Be1
h6 34. Bb4 Nd5 35. Bd6 Rc6 36. Bc5 Qc7 37. Kg3 g5 38. Qe5 Nxf4 39. Re4 Qxe5 40.
Rxe5 Nd3 41. Re3 Nxc5 42. Rc3 Ne4+ 43. fxe4 Rxc3+ 44. bxc3 f5 45. Kf3 Kf7 46.
Ke3 Kf6 47. Kf3 e5 48. d5 h5 49. exf5 Kxf5 50. Ke3 g4 51. h4 Kf6 0-1

[Event "Lichtenberger Sommer"]
[Site "Berlin"]
[Date "2009.08.16"]
[Round "2.14"]
[White "Plump, Detlef"]
[Black "Schmidt, Frank"]
[Result "1-0"]
[WhiteElo "2256"]
[BlackElo "1904"]
[PlyCount "55"]
[EventDate "2009.??.??"]
[WhiteTeam "Chessclub York"]
[BlackTeam "SV Eutin von 1875"]

1. e4 d6 2. d4 Nf6 3. Nc3 g6 4. f4 Bg7 5. Nf3 O-O 6. Bd3 Na6 7. O-O c5 8. d5
Nc7 9. Qe1 a6 10. a4 b6 11. Qh4 e6 12. dxe6 Bxe6 13. f5 gxf5 14. exf5 c4 15.
fxe6 cxd3 16. exf7+ Rxf7 17. Ng5 Rf8 18. cxd3 Qd7 19. Nce4 Ncd5 20. Bd2 h6 21.
Nf3 Qg4 22. Nxd6 Qxh4 23. Nxh4 Rfd8 24. Ndf5 Ng4 25. Nxg7 Kxg7 26. Nf5+ Kg6 27.
Rae1 Re8 28. Nd6 1-0

[Event "Lichtenberger Sommer"]
[Site "Berlin"]
[Date "2009.08.16"]
[Round "2.15"]
[White "Strehlow, Horst"]
[Black "Sieglen, Joachim"]
[Result "0-1"]
[WhiteElo "2115"]
[BlackElo "2339"]
[PlyCount "138"]
[EventDate "2009.??.??"]
[WhiteTeam "SC Friesen Lichtenberg e.V."]
[BlackTeam "SV Marbach"]

1. e4 e6 2. d4 d5 3. Nd2 c5 4. Ngf3 Nf6 5. exd5 Nxd5 6. Bb5+ Bd7 7. Bxd7+ Nxd7
8. O-O Be7 9. Ne4 c4 10. c3 Qc7 11. Re1 h6 12. Ng3 b5 13. Bd2 O-O 14. Nh5 N7f6
15. Nxf6+ Bxf6 16. Ne5 Bxe5 17. Rxe5 Rfe8 18. Qg4 Kf8 19. Rae1 a6 20. Qe4 Nf6
21. Qh4 Qd8 22. f4 Nd7 23. Qxd8 Raxd8 24. R5e2 Nf6 25. Kf2 Rd7 26. Kf3 Rde7 27.
g4 Nd5 28. h4 f6 29. g5 h5 30. gxf6 gxf6 31. Rg2 Rg7 32. Reg1 Rxg2 33. Rxg2 Kf7
34. Ke4 f5+ 35. Kf3 Nf6 36. Be1 Ne4 37. Ke3 Rd8 38. Rg1 Kf6 39. Rg2 Rb8 40. a3
Kf7 41. Rg1 Nf6 42. Rg5 Rh8 43. Bd2 Rg8 44. Rxg8 Kxg8 45. Be1 Nd5+ 46. Kf3 Kf7
47. Bd2 Ke7 48. Be1 Kd6 49. Bd2 Kc6 50. Ke2 Kb6 51. Kd1 Ne7 52. Be1 Ng6 53. Bg3
Ka5 54. Kd2 Ka4 55. Kc2 a5 56. Kb1 Kb3 57. Kc1 Ne7 58. Be1 Nd5 59. Bd2 Nb6 60.
Kb1 Na4 61. Bc1 b4 62. axb4 axb4 63. cxb4 c3 64. bxc3 Nxc3+ 65. Ka1 Kxb4 66.
Kb2 Kc4 67. Kc2 Ne2 68. Be3 Nxd4+ 69. Kd1 Kd3 0-1

[Event "Lichtenberger Sommer"]
[Site "Berlin"]
[Date "2009.08.16"]
[Round "2.16"]
[White "Reichenbach, Werner"]
[Black "Jabbusch, Burkhard"]
[Result "1/2-1/2"]
[WhiteElo "2297"]
[BlackElo "2017"]
[PlyCount "120"]
[EventDate "2009.??.??"]
[WhiteTeam "SK Zehlendorf e.V."]
[BlackTeam "FHSG Stralsund"]

1. e4 c5 2. Nc3 Nc6 3. Bb5 d6 4. Bxc6+ bxc6 5. d3 g6 6. f4 Bg7 7. Nf3 Bg4 8. h3
Bxf3 9. Qxf3 e5 10. O-O Qe7 11. f5 f6 12. Ne2 g5 13. Ng3 h6 14. Bd2 Qf7 15. Nh5
Ne7 16. h4 Kd7 17. Kf2 Nc8 18. Rh1 Nb6 19. a4 Rag8 20. b3 Bf8 21. g4 Be7 22.
Ng3 d5 23. a5 Na8 24. c4 d4 25. Rab1 Rb8 26. Rh3 Nc7 27. Qh1 Qg7 28. Ke2 Na6
29. Qf3 Kc7 30. Kd1 Nb4 31. Kc1 Kb7 32. Kb2 Ka8 33. Rbh1 Rbf8 34. hxg5 hxg5 35.
Bxb4 cxb4 36. Qd1 Rxh3 37. Rxh3 Rh8 38. Qh1 Rxh3 39. Qxh3 Kb7 40. Qh5 Qf8 41.
Qh7 Ka6 42. Kc2 Kxa5 43. Nh5 Kb6 44. Ng7 Qf7 45. Qg6 Qf8 46. Ne6 Qh8 47. Qh5
Qg8 48. Kd2 a5 49. Qg6 Qh8 50. Qh5 Qg8 51. Kc1 a4 52. bxa4 Qa8 53. c5+ Bxc5 54.
Qf7 Bd6 55. Qxf6 Qxa4 56. Qd8+ Ka7 57. Qxd6 Qa1+ 58. Kd2 Qb2+ 59. Ke1 Qc1+ 60.
Kf2 Qd2+ 1/2-1/2

[Event "Lichtenberger Sommer"]
[Site "Berlin"]
[Date "2009.08.16"]
[Round "2.17"]
[White "Mai, Andreas"]
[Black "Kachibadze, Georg"]
[Result "0-1"]
[WhiteElo "1950"]
[BlackElo "2224"]
[PlyCount "74"]
[EventDate "2009.??.??"]
[WhiteTeam "SC Friesen Lichtenberg e.V."]
[BlackTeam "SK König Tegel 1949 e.V."]

1. e4 c5 2. Nf3 d6 3. d4 cxd4 4. Nxd4 Nf6 5. Nc3 Nc6 6. Bc4 e5 7. Nxc6 bxc6 8.
O-O Be7 9. Qd3 h6 10. Kh1 O-O 11. f3 Be6 12. Rd1 Qd7 13. Be3 Rfd8 14. Bb3 Qc8
15. Qe2 d5 16. exd5 cxd5 17. Bf2 d4 18. Ne4 Nd5 19. Ng3 Qc7 20. Re1 Bb4 21.
Red1 Rac8 22. Rac1 g6 23. Qb5 Rb8 24. Qa6 Rb6 25. Qf1 Rbb8 26. Qa6 Be7 27. Ne4
Rb6 28. Qf1 f5 29. Ng3 Bg5 30. Rb1 Rc6 31. Qe2 Nf4 32. Qb5 Rb8 33. Bxe6+ Rxe6
34. Qa4 Rc6 35. c3 Rc4 36. b4 Rxc3 37. b5 Be7 0-1

[Event "Lichtenberger Sommer"]
[Site "Berlin"]
[Date "2009.08.16"]
[Round "2.18"]
[White "Schindler, Samuel"]
[Black "Schneider, Hans-Joachim"]
[Result "0-1"]
[WhiteElo "2260"]
[BlackElo "2045"]
[PlyCount "46"]
[EventDate "2009.??.??"]
[WhiteTeam "SC Pfullendorf"]
[BlackTeam "Schachpinguine Berlin e.V."]

1. d4 d5 2. Bf4 Nf6 3. e3 c5 4. c3 e6 5. Nd2 Bd6 6. Bg3 Qe7 7. Ngf3 O-O 8. Bd3
Nc6 9. Ne5 Nd7 10. f4 g6 11. h4 cxd4 12. exd4 h5 13. Qf3 Kg7 14. O-O-O f5 15.
Nxd7 Bxd7 16. Rde1 b5 17. Bf2 Na5 18. Qg3 b4 19. Nf3 bxc3 20. bxc3 Rab8 21. Ne5
Bxe5 22. dxe5 Qa3+ 23. Kd2 Rb2+ 0-1

[Event "Lichtenberger Sommer"]
[Site "Berlin"]
[Date "2009.08.16"]
[Round "2.19"]
[White "Fieguth, Bernd"]
[Black "Neffe, Axel"]
[Result "0-1"]
[WhiteElo "1887"]
[BlackElo "2235"]
[PlyCount "50"]
[EventDate "2009.??.??"]
[WhiteTeam "SF Friedrichshagen"]
[BlackTeam "Queer-Springer SSV Berlin"]

1. e4 c5 2. c3 Nf6 3. e5 Nd5 4. d4 cxd4 5. Nf3 Nc6 6. Bc4 Nb6 7. Bb3 d5 8. exd6
Qxd6 9. O-O Be6 10. Bxe6 Qxe6 11. Nxd4 Nxd4 12. Qxd4 Rd8 13. Qf4 Qc6 14. Nd2 g6
15. Nf3 Bg7 16. Qh4 f6 17. Nd4 Qc8 18. Bh6 O-O 19. Bxg7 Kxg7 20. Qg3 e5 21. Nb3
Nd5 22. Qf3 Rd7 23. Rfe1 Rfd8 24. Re4 Nf4 25. g3 Nh3+ 0-1

[Event "Lichtenberger Sommer"]
[Site "Berlin"]
[Date "2009.08.16"]
[Round "2.20"]
[White "Rietze, Clemens"]
[Black "Gräfe, Charly"]
[Result "1-0"]
[WhiteElo "2192"]
[BlackElo "1889"]
[PlyCount "83"]
[EventDate "2009.??.??"]
[WhiteTeam "USV Potsdam e.V., Abt. Schach"]
[BlackTeam "SF Friedrichshagen"]

1. d4 d5 2. c4 Nc6 3. cxd5 Qxd5 4. e3 e5 5. Nc3 Bb4 6. Bd2 Bxc3 7. bxc3 exd4 8.
cxd4 Nf6 9. Ne2 O-O 10. Nc3 Qd6 11. Be2 Ne7 12. O-O c6 13. Bc1 Rd8 14. a4 Nfd5
15. Nxd5 Nxd5 16. Ba3 Qf6 17. Bf3 Nb6 18. Qc2 Be6 19. Be2 Re8 20. Bd3 h5 21.
Rab1 Bc8 22. Rfd1 h4 23. e4 h3 24. Bf1 Qg6 25. f3 Nd7 26. Kh1 Nf6 27. g3 Qh5
28. Be2 g5 29. Bb2 g4 30. Rf1 gxf3 31. Bxf3 Qg6 32. Rbe1 Be6 33. d5 Nxd5 34.
Qd2 Nb6 35. Qd4 Kh7 36. Bh5 Qh6 37. Bxf7 Re7 38. Rf6 Rxf7 39. Rxh6+ Kxh6 40.
Qe5 Re8 41. g4 Nc4 42. Qh5# 1-0

[Event "Lichtenberger Sommer"]
[Site "Berlin"]
[Date "2009.08.16"]
[Round "2.21"]
[White "Voigt, Ingo"]
[Black "Behrmann, Joachim"]
[Result "1-0"]
[WhiteElo "2046"]
[BlackElo "2216"]
[PlyCount "51"]
[EventDate "2009.??.??"]
[WhiteTeam "BSV 63 Chemie Weißensee"]
[BlackTeam "SK Zehlendorf e.V."]

1. Nf3 d5 2. g3 c5 3. Bg2 Nf6 4. O-O e6 5. d3 Nc6 6. c4 Be7 7. cxd5 exd5 8. d4
O-O 9. Nc3 Re8 10. Bf4 Bg4 11. Ne5 Bh5 12. Nb5 Nxd4 13. Nxd4 cxd4 14. Qxd4 Bxe2
15. Rfe1 Bh5 16. g4 Nxg4 17. Nxg4 Bxg4 18. Be5 Be6 19. Bxg7 Rc8 20. b3 Bc5 21.
Qe5 Bd6 22. Qd4 Bc5 23. Qe5 Bd7 24. Qg3 Bxf2+ 25. Kxf2 Qb6+ 26. Bd4+ 1-0

[Event "Lichtenberger Sommer"]
[Site "Berlin"]
[Date "2009.08.16"]
[Round "2.22"]
[White "Escher, Clemens"]
[Black "Bauder, Herbert"]
[Result "1/2-1/2"]
[WhiteElo "2193"]
[BlackElo "2027"]
[PlyCount "36"]
[EventDate "2009.??.??"]
[WhiteTeam "SK König Tegel 1949 e.V."]
[BlackTeam "SG Lasker Steglitz-Wilmersdorf"]

1. d4 Nf6 2. Nf3 g6 3. Nc3 d5 4. Bf4 Bg7 5. e3 O-O 6. Be2 c5 7. Ne5 Nc6 8. O-O
cxd4 9. exd4 Bf5 10. Qd2 Re8 11. Bb5 Qb6 12. a4 Red8 13. Nxc6 bxc6 14. a5 Qb7
15. Be2 Ne4 16. Qe3 Qxb2 17. Nxe4 Bxe4 18. c3 c5 1/2-1/2

[Event "Lichtenberger Sommer"]
[Site "Berlin"]
[Date "2009.08.16"]
[Round "2.23"]
[White "Davydov, Ruven"]
[Black "Schäfer, Erik"]
[Result "0-1"]
[WhiteElo "1932"]
[BlackElo "2164"]
[PlyCount "70"]
[EventDate "2009.??.??"]
[WhiteTeam "TuS Makkabi Berlin e.V."]
[BlackTeam "USV TU Dresden"]

1. e4 c5 2. Nf3 Nc6 3. d4 cxd4 4. Nxd4 Qc7 5. Be3 e6 6. Bd3 a6 7. O-O Nf6 8.
Nc3 Ne5 9. Bf4 d6 10. Bg3 Be7 11. Kh1 h5 12. f4 Neg4 13. Qf3 h4 14. Bf2 Nxf2+
15. Qxf2 Nh5 16. Nde2 b5 17. e5 d5 18. Qf3 b4 19. Nd1 g6 20. Ne3 Bb7 21. Ng4
Bc6 22. Rae1 Qb6 23. Nf6+ Bxf6 24. exf6 Nxf6 25. f5 d4 26. Qf2 h3 27. Nf4 hxg2+
28. Nxg2 Ng4 29. Qg3 Rxh2+ 30. Qxh2 Nxh2 31. Kxh2 gxf5 32. Rxf5 O-O-O 33. Rxf7
Rh8+ 34. Rh7 Qc7+ 35. Kg1 Rxh7 0-1

[Event "Lichtenberger Sommer"]
[Site "Berlin"]
[Date "2009.08.16"]
[Round "2.24"]
[White "Grassi, Fabrizio"]
[Black "Kohler, Thomas"]
[Result "1/2-1/2"]
[WhiteElo "1952"]
[BlackElo "2241"]
[PlyCount "40"]
[EventDate "2009.??.??"]
[WhiteTeam "SV Berlin-Friedrichstadt"]
[BlackTeam "SC Zitadelle Spandau 1977 e.V."]

1. d4 Nf6 2. Bf4 g6 3. e3 Bg7 4. Nf3 O-O 5. Be2 c5 6. c3 b6 7. h3 Bb7 8. O-O d6
9. Nbd2 Nbd7 10. a4 a6 11. Bh2 Qc7 12. Qb1 Rac8 13. Rc1 Qb8 14. Bc4 Qa8 15. b4
Ne4 16. Bf1 cxd4 17. cxd4 Rxc1 18. Qxc1 Rc8 19. Qb2 Bd5 20. Rc1 Qb7 1/2-1/2